موسوليني : الطاغية الفاشي / (رقم التسجيلة. 50458)

تفاصيل مارك
000 -LEADER
fixed length control field 00711nam a22002177a 4500
005 - DATE AND TIME OF LATEST TRANSACTION
control field 20251108170840.0
008 - FIXED-LENGTH DATA ELEMENTS--GENERAL INFORMATION
fixed length control field 250721s1998 xx 000 0 ara d
020 ## - INTERNATIONAL STANDARD BOOK NUMBER
International Standard Book Number 9772930390
082 14 - DEWEY DECIMAL CLASSIFICATION NUMBER
Classification number ط/923.545/بدر
100 1# - MAIN ENTRY--PERSONAL NAME
Personal name بدران، جمال
245 10 - TITLE STATEMENT
Title موسوليني : الطاغية الفاشي /
264 1# - PRODUCTION, PUBLICATION, DISTRIBUTION, MANUFACTURE, AND COPYRIGHT NOTICE
Place of production, publication, distribution, manufacture القاهرة :
Name of producer, publisher, distributor, manufacturer مكتبة الدار العربية للكتاب،
Date of production, publication, distribution, manufacture, or copyright notice 1998.
300 ## - PHYSICAL DESCRIPTION
Extent 74ص.
490 0# - SERIES STATEMENT
Series statement الطغاة و الجبابرة للشباب و الناشئين
650 17 - SUBJECT ADDED ENTRY--TOPICAL TERM
Topical term or geographic name as entry element العسكريون
650 17 - SUBJECT ADDED ENTRY--TOPICAL TERM
Topical term or geographic name as entry element التراجم
653 ## - INDEX TERM--UNCONTROLLED
Uncontrolled term ناشئون كبار (15-18 سنة)
700 1# - ADDED ENTRY--PERSONAL NAME
Personal name حمدان، وائل
Relator term Cart.
942 ## - ADDED ENTRY ELEMENTS (KOHA)
Source of classification or shelving scheme Dewey Decimal Classification
Koha item type كتب
المقتنيات
حالة السحب حالة الفقدان مصدر التصنيف حالة التلف غير قابل للإعارة المكتبة الرئيسية المكتبة الحالية موقع الرف تاريخ التزويد الرقم المتسلسل Total Checkouts رقم الإستدعاء الباركود تاريخ آخر ظهور تاريخ الفاتورة نوع المادة (كوها)
    Dewey Decimal Classification     مكتبة قتيبة للأطفال مكتبة قتيبة للأطفال الأطفال 28/10/2017 1665260   ط/923.545/بدر PLD00408124 28/07/2025 28/10/2017 كتب
    Dewey Decimal Classification     مكتبة أم المؤمنين للأطفال مكتبة أم المؤمنين للأطفال الأطفال 28/07/2025 419684   ط/923.545/بدر 419684 28/07/2025 28/07/2025 كتب
    Dewey Decimal Classification     مكتبة أم قصير والمقابلين العامة مكتبة أم قصير والمقابلين العامة الأطفال 06/07/2004 347584   ط/923.545/بدر 347584 28/07/2025 06/07/2004 كتب
    Dewey Decimal Classification Unchecked   مكتبة الاميرة بديعة مكتبة الاميرة بديعة الأطفال 06/07/2004 347577   ط/923.545/بدر   28/07/2025 06/07/2004 كتب
    Dewey Decimal Classification     مكتبة البراءة للأطفال مكتبة البراءة للأطفال الأطفال 31/05/2015 1598121   ط/923.545/بدر PLD00327670 28/07/2025 31/05/2015 كتب
    Dewey Decimal Classification     مكتبة البراءة للأطفال مكتبة البراءة للأطفال الأطفال 27/05/2015 1598327   ط/923.545/بدر PLD00326685 28/07/2025 27/05/2015 كتب
    Dewey Decimal Classification     مكتبة البراعم الواعدة مكتبة البراعم الواعدة الأطفال 22/07/2015 1601073   ط/923.545/بدر PLD00338196 28/07/2025 22/07/2015 كتب
    Dewey Decimal Classification Unchecked   مكتبة الجويدة مكتبة الجويدة الأطفال 06/07/2004 347576   ط/923.545/بدر   28/07/2025 06/07/2004 كتب
    Dewey Decimal Classification     مكتبة الحسن العامة مكتبة الحسن العامة الأطفال 06/07/2004 347580   ط/923.545/بدر 347580 28/07/2025 06/07/2004 كتب
    Dewey Decimal Classification     مكتبة النصر العامة مكتبة النصر العامة الأطفال 06/07/2004 347581   ط/923.545/بدر 347581 28/07/2025 06/07/2004 كتب
    Dewey Decimal Classification Unchecked   مكتبة حمزة العامة مكتبة حمزة العامة الأطفال 06/07/2004 347578   ط/923.545/بدر   28/07/2025 06/07/2004 كتب
    Dewey Decimal Classification     مكتبة صويلح العامة مكتبة صويلح العامة الأطفال 06/07/2004 347582   ط/923.545/بدر 347582 28/07/2025 06/07/2004 كتب
    Dewey Decimal Classification     مكتبة وادي السير العامة مكتبة وادي السير العامة الأطفال 06/07/2004 347574   ط/923.545/بدر 347574 28/07/2025 06/07/2004 كتب
Implemented & Customized by: BBB with SCIT (Smart Chains for Information Technology)

Powered by Koha